000 00675nam a2200241Ia 4500
003 OSt
005 20220924115536.0
006 a|||||r|||| 00| 0
007 ta
008 220923b |||||||| |||| 00| 0 hin d
024 _a145880
037 _cTextual
040 _aARTS
_cARTS
_bhin
041 _2hin
_ahin
082 _aY73(Q3):1.1, 152N1
100 _aJain Jawahirlal
_9178668
245 0 _aSraman aur sraman sanskrit
_b Bharat ke Bahar
260 _aDelhi
_bClassiscal Publishing Co.
_c1991
300 _a175p.
_ccm.
650 _aSOCIOLOGY
942 _hY73(Q3):1.1, 152N1
_cTEXL
_2CC
999 _c398794
_d398794